000 00881nam a2200253Ia 4500
003 OSt
005 20220923225305.0
006 a|||||r|||| 00| 0
007 ta
008 220922b |||||||| |||| 00| 0 hin d
024 _a262,091
037 _cTextual
040 _aARTS
_cARTS
_bhin
041 _2hin
_ahin
082 _aO152,2D35, P3
100 _aभास; हरदयालु सिंह, अनु.
245 0 _aप्रतिज्ञा यौगन्धरायण
246 _aPratijnyā yaugandharāyaṇa
260 _aप्रयाग
_b हिन्दी साहित्य सम्मेलन
_c2003
300 _a53पृ.
_ccm.
650 _aहिन्दी साहित्य
_9156264
942 _hO152,2D35, P3
_cTEXL
_2CC
999 _c377263
_d377263